000 00456cam a2200157 4500
008 131126n 000 0 eng u
035 _a(Sirsi) a181824
050 _aDS 480 DUT
100 _aDutt, Balai Chandra
245 _aMutiny of the innocents
_c [by] B. C. Dutt.
250 _a[1st ed.]
260 _aBombay,
_b Sindhu Publications
_c [1971]
300 _a238 p.
_c 21 cm.
650 _aMutiny
_z India.
650 _aRiots
_z India
_z Mumbai.
999 _c120390
_d120390